| 000 | 00730nam a2200205 a 4500 | ||
|---|---|---|---|
| 001 | BRCA_2098 | ||
| 005 | 20190320203652.0 | ||
| 008 | 110808s1990----mx-a---###---#000-0#spa-# | ||
| 050 | 4 |
_aF1391.P8 _b.L43 40 _c1990 |
|
| 100 | 1 |
_aGarcía Moll, Roberto _9642 |
|
| 245 | 1 | 0 |
_aLa cueva del texcal _cRoberto García Moll. |
| 260 |
_aPuebla, México _bINAH : Gobierno del Estado de Puebla : Secretaría de Cultura : Comisión Puebla V Centenario _c1990 |
||
| 300 |
_a57 p. _bil. _c21 cm. |
||
| 440 | 0 |
_aLecturas Históricas de Puebla _n40 _96369 |
|
| 504 | _aBibliografía: p. 51-57 | ||
| 651 | 4 |
_aPuebla (México) _xHistoria _9409 |
|
| 651 | 4 |
_aPuebla (México) _xVida social y costumbres _9408 |
|
| 653 | 0 | _aVida cotidiana | |
| 942 |
_2lcc _cB |
||
| 999 |
_c1855 _d1855 |
||